LEADER 01195nam a2200277 4500 001 000000333116 003 CaOOAMICUS 005 20240820084913.0 008 190326s2018 fr 000 u fre r 020 $a978-2-204-13156-8 040 $aSeMil$bita 041 1 $afre$agrc 100 0 $aCyrillus : Alexandrinus,$c.$0(OLS)http://semarc/name/480 245 00$aTome 1: (Livre I) 264 1$aParis :$bLes Éditions du Cerf,$c2018. 300 $a634 p. ;$c20 cm 490 1 $aSources chrétiennes ;$v600 500 $aTesto in greco e traduzione francese a fronte 773 0 $aCyrillus : Alexandrinus $tCommentaire sur Jean.$dParis : Les Éditions du Cerf, 2018-2023.$kSources chrétiennes$w()333115 830 0$aSources chrétiennes ;$v600.$0(OLS)http://semarc/title/72 850 $aSeMil 852 $aSeMil$W1$xVenegono$y1$mSL1.U III 600$j228395$B225274$CSeMilBibl$Z2$F225274 $8I 996 $6020$a978-2-204-13156-8$9(OLS)http://semarc/number/286966 996 $6245$aTome 1: (Livre I)$9(OLS)http://semarc/title/422307 996 $6264$aParis :$bLes Éditions du Cerf$9(OLS)http://semarc/publisher/29611 LEADER 01226nam a2200289 i 4500 001 000000120149 003 CaOOAMICUS 005 20031113000000.0 008 031113s1995 it u000 u ita u 013 $a92843 020 $a88-10-50252-3 040 $aSeMil$bita 100 1 $aGiuliani, Angelo .$0(OLS)http://semarc/name/50028 245 10$aCatecumentato in casa nostra :$bcorso di preparazione per i gruppi di accompagnatori /$cAngelo Giuliani. 260 $aBologna :$bEDB,$ccopyr. 1995. 300 $a104 p. ;$c21 cm. 490 0 $aCatecumeni oggi 500 $aContiene : Bibliografia. - Fondo Card. C.M. Martini. 650 4$aCatecumenato - Catechesi.$0(OLS)http://semarc/subject/1172 830 0$aCatecumeni oggi.$0(OLS)http://semarc/title/9635 850 $aSeMil 852 $aSeMil$W1$xVenegono$y1$m2C VI 21$j75354$B75354$CSeMilBibl$Z2$F93766 $81 941 1 $a4 961 $aOmaggio: Martini Card. Carlo Maria 996 $6020$a88-10-50252-3$9(OLS)http://semarc/number/105296 996 $6245$aCatecumentato in casa nostra :$bcorso di preparazione per i gruppi di accompagnatori$9(OLS)http://semarc/title/176773 996 $6260$aBologna :$bEDB$9(OLS)http://semarc/publisher/29669